000 01143nam a2200325 a 4500
001 000031502
003 DO-SdBNP
005 20180322142436.0
007 000031502
008 110627s2005 dr 001 j spa d
020 _a9993442321
040 _aBPMSU
_bspa
_cBPMSU
082 4 _aRD863.5
_bN964e
100 1 _aNuñez Guerrero, Sheilly,
_d1980-
245 1 4 _aLos elementos /
_cSheilly Nuñez Guerrero ; editor José M. Fernández Pequeño.
260 _aSanto Domingo :
_bEdiciones Ferilibro,
_c2005.
300 _a73 p. ;
_c24 cm.
490 1 _aEdiciones Ferilibro
_v67
500 _aII Concurso de Cuento Joven, Feria del Libro 2004.
500 _aIncluye datos biográficos de la autora en la solapa de la cubierta
650 4 _aCUENTOS DOMINICANOS
650 4 _aLITERATURA DOMINICANA
700 1 _aFernández Pequeño, José M.,
_eed.
710 _4Dirección General de la Feria del Libro (República Dominicana)
830 0 _aEdiciones Ferilibro
_v67
910 _aValidado. Control de la calidad
942 _2ddc
_cBK
945 _aRemanejado para la BNPHU / 2017 VM
956 _aVMATEO
_b10
_c20151002
_lBPMSU
_h00151
999 _c7316
_d7316